1653 1632 1050 1314 1993 1755 1254 1978 1928 1055 1905 1088 1351 1510 1707 1179 1870 1031 1845 1091 1457 1655 1454 1468 1807 1449 1914 1675 1230 1816 1621 1297 1806 1410 1674 1487 1347 1843 1775 1182 1833 1292 1168 1011 1152 1336 1822 1263 1961 1278 1175 1766 1908 1323 1919 1263 1137 1499 1523 1704 1337 1448 1673 1787 1384 1268 1831 1082 1642 1419 1912 1312 1237 1354 1321 1435 1098 1819 1594 1404 1671 1538 1706 1238 1025 1909 1340 1986 1032 1337 1397 1013 1656 1265 1437 1228 1342 1609 1386 BCNSPRNW ULIB Ver.6.0+V

เปลี่ยนเป็นภาษาไทย

Change to English
 แสดงรายละเอียดบรรณานุกรม
  กลับหน้าหลัก

Brief Record : Get Marc (ISO 2709) : E-mail record : QR code < ปิดหน้าต่าง
LEADER : 00000nam 2200000uu 4500
001    13399111689
003     ULIB
008    110701s2549||||th 000 0 tha d
020    9749494210
050  4 PE1131^bก712ท 2549
100 1  กุณฑีรา กวักเพฑูรย์ คุโนลด์
245 10 เทคนิคการจดจำ การแปลคำศัพท์ อังกฤษ-ไทย /^cกุณฑีรา กวักเพฑูรย์ คุโนลด์
250    พิมพ์ครั้งที่ 1
260    กรุงเทพฯ :^bเอ็ดดูเคชั่น ไมน์ด ไลน์ มัลติมีเดีย,^c2549
300    199 หน้า :^bภาพประกอบ
650  7 ภาษาอังกฤษ^xการใช้ภาษา
650  7 การจำ^xคำศัพท์ภาษาอังกฤษ
650  7 คำศัพท์^xภาษาอังกฤษ
945    ^p155^l0^i020287
945    ^p155^l0^i020754
995    ทศพร
999 ^a ใช้งานได้ทุกระบบ
รายการนี้ยังไม่มีแท็ก
คุณยังไม่ได้ล็อกอิน คุณสามารถมีกิจกรรมร่วมกับเว็บไซต์ได้ แต่ต้องล็อกอินก่อน ::
  ล็อกอิน

รายการสื่อสารสนเทศ

ลำดับที่ ประเภท เลขเรียก/บาร์โค้ด สถานที่ สถานะ
- ไม่พบข้อมูล -

รายการใกล้เคียง
    หัวเรื่อง [ภาษาอังกฤษ การใช้ภาษา]

BibComment


ยังไม่เคยถูกคอมเมนท์

คอมเมนท์ทรัพยากรรายการนี้
  คอมเมนท์: เทคนิคการจดจำ การ..


 Copyright 2026. Bcnsprnw @Library